IFM Opac

Essentials of Management Information System (Record no. 22214)

MARC details
000 -LEADER
fixed length control field 00356nam a22001457a 4500
020 ## - INTERNATIONAL STANDARD BOOK NUMBER
ISBN 978-0-13-357684-9
082 ## - DEWEY DECIMAL CLASSIFICATION NUMBER
Classification number 658.4038
100 ## - MAIN ENTRY--AUTHOR NAME
Personal name Laudon, Kenneth C.
245 ## - TITLE STATEMENT
Title Essentials of Management Information System
250 ## - EDITION STATEMENT
Edition statement 11th
260 ## - PUBLICATION, DISTRIBUTION, ETC. (IMPRINT)
Place of publication Harlow:
Name of publisher Pearson,
Year of publication 2015
300 ## - PHYSICAL DESCRIPTION
Number of Pages 501p.: ill.; 28cm
700 ## - ADDED ENTRY--PERSONAL NAME
Personal name Laudon, Jane P.
942 ## - ADDED ENTRY ELEMENTS (KOHA)
Koha item type Books
Holdings
Withdrawn status Lost status Damaged status Not for loan Collection code Permanent Location Current Location Shelving location Date acquired Source of acquisition Full call number Accession Number Price effective from Koha item type
        Non-fiction IFM Main Campus Library IFM Main Campus Library Work Room processing 01/26/2026 Purchased 658.4038 LAU 0000030933 01/26/2026 Books